[Event "Reykjavik Open 2024"]
[Site "Reykjavik ISL"]
[Date "2024.03.16"]
[Round "2.90"]
[White "Jelsma, Remco"]
[Black "Ostensson, Julia"]
[Result "0-1"]
[WhiteElo "1802"]
[BlackElo "1996"]
[WhiteFideId "1085778"]
[BlackFideId "1747703"]
[EventDate "2024.03.15"]

1. d4 Nf6 2. Nc3 d6 3. e4 Nbd7 4. f4 e5 5. Nf3 exd4 6. Qxd4 c6 7. Be3 d5 8. exd5
Bc5 9. Qd2 Qe7 10. Nd4 Ng4 11. O-O-O Nxe3 12. Re1 O-O 13. Rxe3 Qf6 14. Nce2 Nb6
15. Qd3 Nxd5 16. Re4 Rd8 17. g3 Bf5 18. Nxf5 Ne3 19. Nxe3 Rxd3 20. cxd3 Rd8 21.
d4 Bb6 22. Nc4 Bc7 23. Nc3 h6 24. Bd3 b5 25. Rhe1 g6 26. Ne5 Kg7 27. g4 Bb6 28.
g5 hxg5 29. fxg5 Qxg5+ 30. Kc2 Bxd4 31. Nxc6 0-1

[Event "Reykjavik Open 2024"]
[Site "Reykjavik ISL"]
[Date "2024.03.16"]
[Round "2.91"]
[White "Joel Paul Ganta"]
[Black "Wong-Godfrey, Emerson P"]
[Result "0-1"]
[WhiteTitle "CM"]
[WhiteElo "1993"]
[BlackElo "1799"]
[WhiteFideId "35066145"]
[BlackFideId "30996309"]
[EventDate "2024.03.15"]

1. d4 Nf6 2. c4 c5 3. d5 e6 4. Nc3 exd5 5. cxd5 d6 6. e4 g6 7. f4 Bg7 8. Bb5+
Nfd7 9. a4 O-O 10. Nf3 Na6 11. O-O Nb4 12. h3 a6 13. Bc4 Re8 14. Re1 Rb8 15. Be3
Nb6 16. Bf1 f5 17. a5 fxe4 18. Ng5 Na8 19. Bc4 b5 20. Bf1 Nc7 21. Ngxe4 Bb7 22.
f5 Ncxd5 23. Bg5 Qd7 24. f6 Bf8 25. Qd2 Qf7 26. Nd1 Rbd8 27. Ndf2 Nc7 28. Rac1
Ne6 29. Bh6 d5 30. Ng3 Bxh6 31. Qxh6 Qxf6 32. Ng4 Qg7 33. Qh4 Qe7 34. Nf6+ Kg7
35. Nxe8+ Rxe8 36. Qxe7+ Rxe7 37. Rxc5 Kf6 38. Rcc1 Rd7 39. Be2 h5 40. Rf1+ Kg7
41. Rcd1 Nc6 42. Ra1 Nc5 43. Rae1 Nb3 44. Bxh5 gxh5 45. Nxh5+ Kh6 46. Re6+ Kg5
47. Nf6 Re7 48. Rd6 d4 49. Kh2 Ne5 50. Ng8 Rg7 51. Nh6 Rg6 52. Rxg6+ Kxg6 53.
Nf5 Nf3+ 54. Rxf3 Bxf3 55. Nh4+ Kf6 56. gxf3 d3 57. Ng2 Nxa5 58. Ne3 Nc4 59. Nd1
a5 60. Kg3 a4 61. Kf4 Nxb2 0-1

[Event "Reykjavik Open 2024"]
[Site "Reykjavik ISL"]
[Date "2024.03.16"]
[Round "2.93"]
[White "Kaergaard, Sissel"]
[Black "Anishka, Vikram"]
[Result "0-1"]
[BlackTitle "WCM"]
[WhiteElo "1795"]
[BlackElo "1995"]
[WhiteFideId "1434195"]
[BlackFideId "45013314"]
[EventDate "2024.03.15"]

1. d4 d5 2. Bf4 Nf6 3. e3 c5 4. c3 Nc6 5. Nf3 e6 6. Nbd2 Bd6 7. Bg3 O-O 8. Bd3
b6 9. O-O Bb7 10. e4 Be7 11. e5 Nh5 12. Bc2 g6 13. Nb3 Rc8 14. Qd2 Nxg3 15. hxg3
Qc7 16. Rfe1 Kg7 17. g4 h6 18. Qe3 Nb8 19. g3 Nd7 20. Kg2 b5 21. a3 a5 22. Rh1
Rh8 23. g5 hxg5 24. Nxg5 cxd4 25. Nxd4 Qxe5 26. Qxe5+ Nxe5 27. Ngf3 Nxf3 28.
Nxf3 Rxh1 29. Rxh1 d4 30. Rd1 dxc3 31. bxc3 Rxc3 32. Bd3 e5 33. Be2 Bxa3 34. Rd7
Bc6 35. Rc7 Bxf3+ 0-1

[Event "Reykjavik Open 2024"]
[Site "Reykjavik ISL"]
[Date "2024.03.16"]
[Round "2.94"]
[White "Haraldsson, Haraldur"]
[Black "Held, Jesper"]
[Result "1-0"]
[WhiteElo "1991"]
[BlackElo "1793"]
[WhiteFideId "2311100"]
[BlackFideId "1092146"]
[EventDate "2024.03.15"]

1. d4 Nf6 2. Nf3 d5 3. Bf4 c5 4. e3 Qb6 5. Nc3 cxd4 6. exd4 Qxb2 7. Nb5 Na6 8.
Bd3 Bd7 9. a4 e5 10. Nxe5 Bb4+ 11. Kf1 O-O 12. g4 Bxg4 13. Nxg4 Nxg4 14. Rg1 f5
15. f3 Rae8 16. Rb1 Qa2 17. Kg2 Ne3+ 18. Bxe3 Rxe3 19. Kh1 Rf6 20. c3 Ba5 21.
Rg2 Rxd3 22. Qxd3 Qxa4 23. Qe3 Nc7 24. Qe5 Rf7 25. Nd6 Rd7 26. Nxf5 g6 27. Qf6
Ne8 28. Nh6# 1-0

[Event "Reykjavik Open 2024"]
[Site "Reykjavik ISL"]
[Date "2024.03.16"]
[Round "2.95"]
[White "Hermannsson, Sigurbjorn"]
[Black "Andersen, Lars Christoff"]
[Result "1-0"]
[WhiteElo "1791"]
[BlackElo "1993"]
[WhiteFideId "2325128"]
[BlackFideId "1412760"]
[EventDate "2024.03.15"]

1. e4 e6 2. d4 d5 3. Nd2 a6 4. Ngf3 c5 5. c3 cxd4 6. cxd4 dxe4 7. Nxe4 Bb4+ 8.
Bd2 Bxd2+ 9. Qxd2 Nf6 10. Bd3 Nxe4 11. Bxe4 Nd7 12. O-O Nf6 13. Rfe1 O-O 14.
Rac1 Nxe4 15. Rxe4 b6 16. Ne5 Bb7 17. Rg4 Kh8 18. Rc3 f5 19. Rxg7 Kxg7 20. Rg3+
Kh8 21. Qh6 1-0

[Event "Reykjavik Open 2024"]
[Site "Reykjavik ISL"]
[Date "2024.03.16"]
[Round "2.96"]
[White "Heer, Stephan"]
[Black "Hauksson, Helgi"]
[Result "1-0"]
[WhiteElo "1987"]
[BlackElo "1790"]
[WhiteFideId "1302345"]
[BlackFideId "2305593"]
[EventDate "2024.03.15"]

1. d4 Nf6 2. c4 d6 3. Nc3 g6 4. e4 Bg7 5. f3 O-O 6. Be3 Nbd7 7. Qd2 Re8 8. Nge2
e5 9. d5 a5 10. h4 h5 11. Bg5 Nc5 12. Nc1 Bd7 13. Be2 Qc8 14. Nd3 b6 15. O-O-O
a4 16. Nxc5 bxc5 17. Rhg1 Kh7 18. Rdf1 Ng8 19. g4 f6 20. Be3 f5 21. gxf5 gxf5
22. exf5 Bxf5 23. Bd3 Bh6 24. Bxh6 Nxh6 25. Rg5 Rg8 26. Rfg1 Qd7 27. Ne4 Qe7 28.
Ng3 Raf8 29. Nxf5 Rxf5 30. Bxf5+ Nxf5 31. Rxh5+ 1-0

[Event "Reykjavik Open 2024"]
[Site "Reykjavik ISL"]
[Date "2024.03.16"]
[Round "2.97"]
[White "Gudnyjarson, Sigurdur Pall"]
[Black "Thorisson, Benedikt"]
[Result "0-1"]
[WhiteElo "1789"]
[BlackElo "1992"]
[WhiteFideId "2321637"]
[BlackFideId "2314576"]
[EventDate "2024.03.15"]

1. d4 Nf6 2. c4 g6 3. g3 c6 4. Bg2 d5 5. Nf3 Bg7 6. Nc3 O-O 7. O-O dxc4 8. Ne5
Be6 9. e4 Nbd7 10. Nxd7 Qxd7 11. d5 cxd5 12. exd5 Bf5 13. Re1 Rfe8 14. Be3 Bh3
15. Qd4 Bxg2 16. Kxg2 b5 17. Bg5 b4 18. Ne4 Qxd5 19. Qxd5 Nxd5 20. Rac1 Rac8 21.
Nd2 a6 22. Be3 Nxe3+ 23. Rxe3 c3 24. bxc3 Rxc3 25. Rexc3 bxc3 26. Ne4 Rc8 0-1

[Event "Reykjavik Open 2024"]
[Site "Reykjavik ISL"]
[Date "2024.03.16"]
[Round "2.98"]
[White "Nolsoe, Rani"]
[Black "Visser, Wouter"]
[Result "1/2-1/2"]
[WhiteElo "1986"]
[BlackElo "1789"]
[WhiteFideId "7200064"]
[BlackFideId "1082566"]
[EventDate "2024.03.15"]

1. e4 c6 2. d4 d5 3. Nc3 dxe4 4. Nxe4 Nf6 5. Nxf6+ exf6 6. c3 Bd6 7. Bd3 O-O 8.
Qc2 Re8+ 9. Ne2 g6 10. Be3 Qc7 11. O-O-O Bg4 12. Rde1 Nd7 13. Kb1 c5 14. h3 Be6
15. c4 cxd4 16. Nxd4 a6 17. Nxe6 Rxe6 18. h4 Nc5 19. Bxc5 Rxe1+ 20. Rxe1 Bxc5 1/2-1/2

[Event "Reykjavik Open 2024"]
[Site "Reykjavik ISL"]
[Date "2024.03.16"]
[Round "2.99"]
[White "Acarbay, Algi"]
[Black "De Winter, Eric"]
[Result "1-0"]
[WhiteElo "1981"]
[BlackElo "1782"]
[WhiteFideId "6303692"]
[BlackFideId "1033069"]
[EventDate "2024.03.15"]

1. e4 g6 2. d4 d6 3. Nf3 Bg7 4. Bc4 c6 5. Bb3 Nf6 6. Qe2 O-O 7. O-O b5 8. e5
dxe5 9. dxe5 Nd5 10. Rd1 e6 11. Bg5 Qb6 12. Nbd2 h6 13. Bh4 Ba6 14. c3 Nd7 15.
Bg3 Nc5 16. Bc2 Nb7 17. h4 c5 18. h5 Ne7 19. Nh4 g5 20. Qe4 Rfd8 21. Qh7+ Kf8
22. Nhf3 Ng8 23. Ne4 Rxd1+ 24. Rxd1 Rd8 25. Nf6 Rxd1+ 26. Bxd1 Bxf6 27. exf6
Nxf6 28. Qxh6+ Ke7 29. Qxg5 Qd8 30. Bc2 Qg8 31. Qe5 Nd5 32. h6 f6 33. Qh5 f5 34.
h7 Qh8 35. Bh4+ Nf6 36. Qh6 1-0

[Event "Reykjavik Open 2024"]
[Site "Reykjavik ISL"]
[Date "2024.03.16"]
[Round "2.100"]
[White "Potter, Alexander"]
[Black "Grigoriev, Dmitriy"]
[Result "0-1"]
[WhiteElo "1782"]
[BlackElo "1986"]
[WhiteFideId "343422594"]
[BlackFideId "34181676"]
[EventDate "2024.03.15"]

1. d4 Nf6 2. c4 e5 3. dxe5 Ng4 4. Bf4 Nc6 5. Nf3 Bb4+ 6. Nbd2 Qe7 7. e3 Ngxe5 8.
Nxe5 Nxe5 9. Be2 a5 10. a3 Bxd2+ 11. Qxd2 d6 12. O-O a4 13. Rfd1 O-O 14. c5 dxc5
15. Qd5 Ng6 16. Bg5 Qe8 17. h4 h6 18. h5 Ne7 19. Bxe7 Qxe7 20. Rac1 Ra5 21. Qd2
b6 22. Bc4 Bg4 23. Be2 Qg5 24. Bxg4 Qxg4 25. Qd5 Raa8 26. Qc6 Rad8 27. Rd5 Rxd5
28. Qxd5 Qe2 29. Qc4 Qxb2 30. Rc2 Qxa3 31. Ra2 Qb4 32. Rxa4 Qb1+ 33. Qf1 Qb3 34.
Qa1 Rd8 35. Ra8 Qd5 0-1

[Event "Reykjavik Open 2024"]
[Site "Reykjavik ISL"]
[Date "2024.03.16"]
[Round "2.101"]
[White "Mensing, Adrian"]
[Black "Wedenberg, Oliver"]
[Result "1-0"]
[WhiteElo "1980"]
[BlackElo "1780"]
[WhiteFideId "1043293"]
[BlackFideId "1767909"]
[EventDate "2024.03.15"]

1. d4 Nf6 2. c4 c5 3. d5 e6 4. Nc3 exd5 5. cxd5 d6 6. g3 g6 7. Bg2 Bg7 8. Nf3
O-O 9. O-O Re8 10. Bf4 h6 11. Qc1 g5 12. Be3 Bf5 13. h4 g4 14. Nd2 Rxe3 15. fxe3
Bg6 16. Nc4 Qe7 17. e4 Nh5 18. Kh2 Nd7 19. e3 b5 20. Nxb5 Be5 21. Nxe5 Qxe5 22.
Rf4 Ndf6 23. Qc3 Qe7 24. Nxd6 Nxd5 25. exd5 Nxf4 26. exf4 Qxd6 27. Rc1 Re8 28.
Re1 Re7 29. Re5 f6 30. Re3 Kf8 31. Re6 Rxe6 32. dxe6 Ke7 33. Qc4 Bf5 34. Bd5 Qb6
35. b3 Qb4 36. Qe2 Qd4 37. Bb7 Qd6 38. Bc8 Qd4 39. Bd7 Bxe6 40. Bc6 f5 41. Qe3 1-0

[Event "Reykjavik Open 2024"]
[Site "Reykjavik ISL"]
[Date "2024.03.16"]
[Round "2.102"]
[White "Koletzko, Leon"]
[Black "Heppert, Lars"]
[Result "1/2-1/2"]
[WhiteElo "1777"]
[BlackElo "1981"]
[WhiteFideId "34644334"]
[BlackFideId "24668575"]
[EventDate "2024.03.15"]

1. e4 d6 2. Nf3 g6 3. Bc4 Nf6 4. Qe2 Bg4 5. d4 e5 6. c3 Bg7 7. dxe5 Bxf3 8. Qxf3
dxe5 9. O-O O-O 10. Rd1 Qe7 11. Be3 Nbd7 12. Nd2 Nb6 13. Bb3 Rfd8 14. Qe2 Nbd7
15. f3 Nf8 16. Qc4 Ne6 17. Nf1 c6 18. Rxd8+ Rxd8 19. Rd1 Rxd1 20. Bxd1 Qd6 21.
Bb3 b5 22. Qb4 Qc7 23. Bxe6 fxe6 24. Qc5 a5 25. Qb6 Qxb6 26. Bxb6 a4 27. b3 Nd7
28. Be3 axb3 29. axb3 Bf8 30. c4 Bc5 31. Bxc5 Nxc5 32. Nd2 b4 33. Kf2 Nd7 34.
Kg3 c5 35. Kg4 Kg7 36. h4 h5+ 37. Kh3 Nb8 38. g4 Nc6 39. g5 1/2-1/2

[Event "Reykjavik Open 2024"]
[Site "Reykjavik ISL"]
[Date "2024.03.16"]
[Round "2.103"]
[White "Manukonda, Arun"]
[Black "Hu, Zhening"]
[Result "0-1"]
[WhiteElo "1974"]
[BlackElo "1776"]
[WhiteFideId "5080789"]
[BlackFideId "8622795"]
[EventDate "2024.03.15"]

1. d4 d5 2. c4 dxc4 3. Nf3 Nf6 4. e3 e6 5. Bxc4 c5 6. O-O a6 7. Bd3 Nc6 8. Nc3
cxd4 9. exd4 Be7 10. Re1 O-O 11. Bf4 Nb4 12. Bb1 Bd7 13. Ne5 Rc8 14. a3 Nbd5 15.
Nxd5 Nxd5 16. Bd2 Bf6 17. Be4 Bc6 18. Rc1 Ne7 19. Nxc6 Nxc6 20. Bxc6 Rxc6 21.
Rxc6 bxc6 22. Bb4 Re8 23. Bc3 Qd5 24. Qd3 Qb5 25. Qf3 Rd8 26. Re4 Rd5 27. Qe3 h5
28. h3 a5 29. g4 Qa4 30. Kg2 Qd1 31. Qf3 Qxf3+ 32. Kxf3 hxg4+ 33. hxg4 Kf8 34.
Ke3 Ke8 35. f4 Kd7 36. Kd3 Bd8 37. Kc4 Bc7 38. a4 f5 39. gxf5 exf5 40. Re1 Bxf4
41. b4 axb4 42. Bxb4 Bd6 43. Bd2 Bc7 44. Bb4 Bd8 45. Bc5 g5 46. Ra1 Ba5 47. Rh1
g4 48. Rh7+ Kc8 49. Rg7 Bc7 50. Kb4 Rd7 51. Rg6 Kb7 52. a5 g3 53. Kc4 f4 54. a6+
Kxa6 55. Rxc6+ Kb7 56. Rg6 Rf7 57. d5 f3 58. d6 f2 59. Rxg3 f1=Q+ 60. Kb4 Qf4+ 0-1

[Event "Reykjavik Open 2024"]
[Site "Reykjavik ISL"]
[Date "2024.03.16"]
[Round "2.105"]
[White "Muller, Maxime"]
[Black "Mistilioglou, Athanasios"]
[Result "1-0"]
[WhiteElo "1961"]
[BlackElo "1772"]
[WhiteFideId "26088533"]
[BlackFideId "25855344"]
[EventDate "2024.03.15"]

1. d4 Nf6 2. c4 g6 3. g3 Bg7 4. Bg2 O-O 5. Nc3 d6 6. Nf3 Nc6 7. O-O a6 8. b3 Rb8
9. d5 Na5 10. Qd3 b5 11. cxb5 axb5 12. b4 Nc4 13. Nxb5 Rxb5 14. Qxc4 Rxd5 15.
Bb2 Be6 16. Nd4 Rc5 17. Qd3 Rh5 18. Nxe6 fxe6 19. a4 Qb8 20. Bc3 c6 21. Bf3 Rh3
22. Bg2 Rh6 23. Bxc6 e5 24. a5 Qc8 25. Bd5+ Kh8 26. h4 g5 27. Bd2 Nh5 28. Bxg5
e4 29. Qxe4 Rg6 30. Rac1 Qe8 31. a6 h6 32. Rc8 Qxc8 33. Qxg6 Qg4 34. Qe4 Qd7 35.
Qxe7 Qf5 1-0

[Event "Reykjavik Open 2024"]
[Site "Reykjavik ISL"]
[Date "2024.03.16"]
[Round "2.106"]
[White "Tan, Chong Hien Andrew"]
[Black "He, Junchen"]
[Result "0-1"]
[WhiteElo "1762"]
[BlackElo "1956"]
[WhiteFideId "5807794"]
[BlackFideId "8642427"]
[EventDate "2024.03.15"]

1. c4 e5 2. g3 Nf6 3. Bg2 c6 4. Nf3 e4 5. Nd4 d5 6. d3 Bc5 7. Nb3 Bb6 8. Bd2 a5
9. O-O O-O 10. Nc3 exd3 11. exd3 dxc4 12. dxc4 Qd6 13. Qe2 Bf5 14. Rfe1 Na6 15.
a3 Nc5 16. Nxc5 Bxc5 17. Ne4 Bxe4 18. Bxe4 Bxf2+ 19. Kxf2 Nxe4+ 20. Qxe4 Qxd2+
21. Re2 Qg5 22. Qe7 Qf5+ 23. Kg2 b5 24. Rf1 Qd3 25. cxb5 cxb5 26. Rf3 Qd5 27.
Re5 Qd2+ 28. Rf2 Qd3 29. Rf3 Qc2+ 30. Re2 Qc4 31. Qg5 Rfe8 32. Ref2 f6 33. Qf4
Re4 34. Qd2 b4 35. a4 Rae8 36. Qc2 Qxc2 37. Rxc2 Re2+ 38. Rf2 Rxc2 39. Rxc2 b3
40. Rc5 Re2+ 41. Kh3 h5 42. Rxa5 g5 43. g4 hxg4+ 44. Kxg4 Rxh2 45. Kf5 Kg7 46.
Ra7+ Kh6 47. Kxf6 Rxb2 48. Rb7 g4 49. a5 g3 50. a6 g2 51. a7 g1=Q 52. a8=Q Qd4+
53. Ke6 Re2+ 54. Kf7 0-1

[Event "Reykjavik Open 2024"]
[Site "Reykjavik ISL"]
[Date "2024.03.16"]
[Round "2.107"]
[White "Niebler, Paul"]
[Black "Johannsson, Markus Orri"]
[Result "1-0"]
[WhiteElo "1955"]
[BlackElo "1758"]
[WhiteFideId "12902730"]
[BlackFideId "2318539"]
[EventDate "2024.03.15"]

1. e4 c5 2. Nf3 d6 3. d4 cxd4 4. Nxd4 Nf6 5. Nc3 Nc6 6. f3 g6 7. Be3 Bg7 8. Qd2
O-O 9. Bc4 Bd7 10. O-O-O Rc8 11. Kb1 a6 12. Bb3 b5 13. h4 Na5 14. h5 Nxb3 15.
axb3 Nxh5 16. Bh6 Bxh6 17. Qxh6 e6 18. g4 Nf6 19. Rdg1 Re8 20. Nce2 Bc6 21. g5
Nd7 22. Qxh7+ Kf8 23. Nf4 d5 24. Nxc6 Rxc6 25. exd5 Rd6 26. dxe6 Rdxe6 27. Nd5 1-0

[Event "Reykjavik Open 2024"]
[Site "Reykjavik ISL"]
[Date "2024.03.16"]
[Round "2.108"]
[White "Thorsteinsdottir, Hallgerdur"]
[Black "Jaroszewicz, Dawid"]
[Result "1/2-1/2"]
[WhiteTitle "WFM"]
[WhiteElo "1953"]
[BlackElo "1757"]
[WhiteFideId "2302454"]
[BlackFideId "41809742"]
[EventDate "2024.03.15"]

1. e4 c5 2. Nf3 e6 3. g3 d5 4. exd5 exd5 5. d4 cxd4 6. Nxd4 Nc6 7. Bg2 Bc5 8.
Be3 Nxd4 9. Bxd4 Qe7+ 10. Kf1 Nf6 11. Bxf6 Qxf6 12. Qe2+ Kf8 13. Nc3 Bg4 14. Qd2
Re8 15. Re1 Rxe1+ 16. Qxe1 Bb4 17. Bxd5 g6 18. Bxb7 Kg7 19. h3 Bf5 20. a3 Bc5
21. Na4 Bd6 22. Qc3 Be5 23. Qc6 Be6 24. Kg2 Rc8 25. Qf3 Rxc2 26. Qxf6+ Kxf6 27.
Nc3 Rxb2 28. Nd5+ Kg7 29. Bc6 Bxd5+ 1/2-1/2

[Event "Reykjavik Open 2024"]
[Site "Reykjavik ISL"]
[Date "2024.03.16"]
[Round "2.109"]
[White "Cansdale, Zach"]
[Black "Mork, Peter"]
[Result "1-0"]
[WhiteElo "1951"]
[BlackElo "1755"]
[WhiteFideId "343409024"]
[BlackFideId "1580604"]
[EventDate "2024.03.15"]

1. e4 c6 2. Nc3 d5 3. Qf3 dxe4 4. Nxe4 Nf6 5. Bc4 e6 6. Nxf6+ Qxf6 7. Qxf6 gxf6
8. d4 Bd6 9. Nf3 b6 10. Be3 Bb7 11. O-O-O Nd7 12. Rhe1 h5 13. g3 O-O-O 14. Nh4
f5 15. Be2 c5 16. d5 Ne5 17. dxe6 fxe6 18. Bf4 Nf7 19. Bc4 Bxf4+ 20. gxf4 Rxd1+
21. Kxd1 Rd8+ 22. Kc1 Bd5 23. Bxd5 exd5 24. Nxf5 Kc7 25. Re7+ Rd7 26. Rxd7+ Kxd7
27. h4 Nh8 28. Kd2 Ke6 29. Ng7+ Kf6 30. Nxh5+ Kf5 31. Ke3 Kg4 32. Nf6+ Kxh4 33.
Nxd5 Kg4 34. Ke4 Kh5 35. f5 Nf7 36. b3 Kg5 37. f4+ Kh6 38. Ne7 Kg7 39. Nc8 Kf6
40. c4 a6 41. Nxb6 Nd6+ 42. Kd5 Nxf5 43. Nd7+ Ke7 44. Nxc5 a5 45. Nb7 a4 46.
bxa4 Ne3+ 47. Kc5 Nf5 48. a5 Ng7 49. a6 Ne6+ 50. Kb6 Kd7 51. Nc5+ Nxc5 52. Kxc5 1-0

[Event "Reykjavik Open 2024"]
[Site "Reykjavik ISL"]
[Date "2024.03.16"]
[Round "2.110"]
[White "Stark, John"]
[Black "Field, Lila Quinn"]
[Result "1-0"]
[WhiteTitle "CM"]
[WhiteElo "1947"]
[BlackElo "1747"]
[WhiteFideId "4300963"]
[BlackFideId "30941334"]
[EventDate "2024.03.15"]

1. d4 d5 2. c4 e6 3. Nf3 Nf6 4. Nc3 c5 5. cxd5 Nxd5 6. e4 Nxc3 7. bxc3 cxd4 8.
cxd4 Bb4+ 9. Bd2 Bxd2+ 10. Qxd2 O-O 11. Bc4 Nd7 12. O-O b6 13. Rad1 Bb7 14. Rfe1
Nf6 15. Qf4 Rc8 16. Bd3 Qc7 17. Qh4 h6 18. Bb1 Nh7 19. h3 Qd8 20. Qf4 Ng5 21.
Ne5 Nh7 22. h4 Nf6 23. g4 Nh7 24. Qg3 Qc7 25. Qe3 Qe7 26. Qg3 Qc7 27. f4 Rfd8
28. g5 hxg5 29. hxg5 Qc3 30. Re3 Rxd4 31. Rxc3 Rxd1+ 32. Kh2 Rxb1 33. Rxc8+ Bxc8
34. Qc3 Bb7 35. Qc7 Rb2+ 36. Kg3 Bxe4 37. Qxf7+ Kh8 38. Qe8+ Nf8 39. Qxf8+ Kh7
40. g6+ Bxg6 41. Nf3 Bf5 42. Ng5+ Kg6 43. Qe8+ Kh6 44. Nxe6 Rxa2 45. Qh8+ Kg6
46. Qxg7+ Kh5 47. Qg5# 1-0

[Event "Reykjavik Open 2024"]
[Site "Reykjavik ISL"]
[Date "2024.03.16"]
[Round "2.111"]
[White "Schmidt, Florian Pascal"]
[Black "Dyshliuk, Fedir"]
[Result "1-0"]
[WhiteElo "1947"]
[BlackElo "1740"]
[WhiteFideId "16256840"]
[BlackFideId "34142827"]
[EventDate "2024.03.15"]

1. Nf3 d5 2. e3 Nf6 3. c4 c6 4. Nc3 Bf5 5. Qb3 Bc8 6. cxd5 cxd5 7. Bb5+ Nc6 8.
d4 e6 9. O-O Bd6 10. Re1 O-O 11. e4 dxe4 12. Nxe4 Nxe4 13. Rxe4 Bd7 14. Bf4 Bxf4
15. Rxf4 Ne7 16. Bd3 Qc7 17. Rh4 h6 18. Ne5 Rac8 19. Re1 Nc6 20. Nf3 Ne7 21. Bb1
Nd5 22. Qd3 Nf6 23. Ne5 Qa5 24. Rd1 Bb5 25. Qf3 Rfd8 26. h3 Bc6 27. Qf4 Qd5 28.
f3 Qd6 29. g4 Qe7 30. Qg3 Nd5 31. f4 Nc7 32. Re1 Rxd4 33. g5 Nd5 34. gxh6 g5 35.
Rh5 Nxf4 36. Rxg5+ Kh8 37. Rg7 Nxh3+ 38. Qxh3 Rf4 39. Ng6+ 1-0

[Event "Reykjavik Open 2024"]
[Site "Reykjavik ISL"]
[Date "2024.03.16"]
[Round "2.112"]
[White "Haugen, Lars Tormod"]
[Black "Hafthorsson, Jon Ulfur"]
[Result "1-0"]
[WhiteElo "1945"]
[BlackElo "1738"]
[WhiteFideId "1559966"]
[BlackFideId "2323206"]
[EventDate "2024.03.15"]

1. c4 Nf6 2. Nc3 g6 3. g3 Bg7 4. Bg2 O-O 5. e4 e5 6. Nge2 Nc6 7. O-O d6 8. d3
Be6 9. h3 Nh5 10. g4 Nf4 11. Nxf4 exf4 12. Bxf4 f5 13. exf5 gxf5 14. g5 Be5 15.
Bxe5 Nxe5 16. f4 Ng6 17. h4 Nxh4 18. Qe1 1-0

[Event "Reykjavik Open 2024"]
[Site "Reykjavik ISL"]
[Date "2024.03.16"]
[Round "2.113"]
[White "Wolterink, Jule"]
[Black "Ragnarsson, Johann"]
[Result "1/2-1/2"]
[WhiteElo "1720"]
[BlackElo "1948"]
[WhiteFideId "12981206"]
[BlackFideId "2301040"]
[EventDate "2024.03.15"]

1. d4 d5 2. Nf3 Nf6 3. c3 Bf5 4. Qb3 b6 5. Bf4 e6 6. e3 a6 7. Be2 Nh5 8. Bg3
Nxg3 9. hxg3 h6 10. Ne5 Bd6 11. Nd2 Bxe5 12. dxe5 c5 13. g4 Bh7 14. Qa4+ Nd7 15.
Qf4 O-O 16. Nf3 Be4 17. g5 Bxf3 18. gxh6 g6 19. Bxf3 Kh7 20. c4 Qc7 21. Rd1 Qxe5
22. Qxe5 Nxe5 23. cxd5 Nxf3+ 24. gxf3 exd5 25. Rxd5 Rad8 26. Re5 Rd7 27. f4 Rfd8
28. Ke2 Rd2+ 29. Kf3 R8d7 30. f5 gxf5 31. Rxf5 R2d6 32. b3 Rg6 33. Ke4 Re6+ 34.
Kf4 f6 35. Kf3 Kg6 36. Rf4 Rh7 37. Rg4+ Kf7 38. Re4 Rd6 39. Ke2 Rd5 40. Rg4 f5
41. Rg5 Kf6 42. Rhh5 Rhd7 43. h7 Rxh7 44. Rxf5+ Rxf5 45. Rxh7 Kg6 46. Rb7 Rf6
47. e4 Rc6 48. a4 Kg5 49. Ke3 c4 50. bxc4 Rxc4 51. Rxb6 Rxa4 52. f4+ Kg4 53.
Rg6+ Kh5 54. f5 Ra1 55. Kf4 a5 56. Ra6 a4 57. f6 Kg6 58. Ke5 Rf1 59. Rxa4 Rxf6
60. Kd5 Kf7 61. Ra7+ Ke8 62. e5 Rh6 63. Ra4 Ke7 64. Re4 Ra6 65. Rc4 Ra5+ 66. Ke4 1/2-1/2

[Event "Reykjavik Open 2024"]
[Site "Reykjavik ISL"]
[Date "2024.03.16"]
[Round "2.114"]
[White "Winnubst, Paul"]
[Black "Doran, Chris"]
[Result "1-0"]
[WhiteElo "1681"]
[BlackElo "1947"]
[WhiteFideId "40101460"]
[BlackFideId "503835"]
[EventDate "2024.03.15"]

1. d4 Nf6 2. c4 g6 3. Nc3 Bg7 4. e4 d6 5. Nf3 O-O 6. Be2 e5 7. Be3 exd4 8. Nxd4
Re8 9. Qc2 Ng4 10. Bxg4 Bxg4 11. O-O c6 12. h3 Bd7 13. f4 a5 14. Qf2 Na6 15.
Rad1 Qc7 16. f5 Nc5 17. Qf3 a4 18. Nde2 b6 19. Bd4 Bxd4+ 20. Rxd4 Bc8 21. Qf4
Qe7 22. f6 Qe5 23. Qh6 Ne6 24. Rfd1 Qxf6 25. Rxd6 Bb7 26. Rd7 Nc5 27. Rf1 Nxd7
28. Rxf6 Nxf6 29. Ng3 Re6 30. Qf4 Rae8 31. Qc7 R8e7 32. Qxb6 h5 33. h4 c5 34.
Qxc5 Nxe4 35. Ngxe4 Bxe4 36. Nxa4 Bb7 37. Nc3 Re1+ 38. Kh2 R7e5 1-0

[Event "Reykjavik Open 2024"]
[Site "Reykjavik ISL"]
[Date "2024.03.16"]
[Round "2.115"]
[White "Javet, Blaise"]
[Black "Seshadri, Sridhar"]
[Result "1/2-1/2"]
[WhiteElo "1942"]
[BlackElo "1680"]
[WhiteFideId "1305026"]
[BlackFideId "30913942"]
[EventDate "2024.03.15"]

1. e4 c5 2. Nf3 Nf6 3. Nc3 d5 4. exd5 Nxd5 5. Bb5+ Bd7 6. Bxd7+ Qxd7 7. Nxd5
Qxd5 8. O-O e6 9. d4 Nc6 10. Be3 cxd4 11. Nxd4 Be7 12. Rc1 Nxd4 13. Qxd4 Qxd4 1/2-1/2

[Event "Reykjavik Open 2024"]
[Site "Reykjavik ISL"]
[Date "2024.03.16"]
[Round "2.116"]
[White "Slikker, Willem"]
[Black "Y Castro, Vitor Fernandez"]
[Result "1-0"]
[WhiteElo "1936"]
[BlackElo "1630"]
[WhiteFideId "1081330"]
[BlackFideId "44760973"]
[EventDate "2024.03.15"]

1. e4 c5 2. Nf3 e6 3. c3 Nf6 4. e5 Nd5 5. d4 cxd4 6. cxd4 a6 7. Bd3 Nc6 8. O-O
d6 9. Nc3 dxe5 10. dxe5 Nxc3 11. bxc3 Qa5 12. Qe2 Qxc3 13. Bd2 Qc5 14. Rfc1 Qb6
15. Rab1 Qc7 16. Qe4 g6 17. h4 Bg7 18. Bb4 Qd8 19. Bd6 Qa5 20. Rxc6 Qxa2 21.
Rxc8+ Rxc8 22. Qxb7 Qxb1+ 23. Bxb1 Rc1+ 24. Kh2 1-0